Every Everton Manager - Statistics

General Stats
  • This quiz has been taken 18 times
    7 since last reset
  • The average score is 5 of 34
Answer Stats
Years Manager % Correct
2002-2013 David Moyes
100%
2019-2021 Carlo Ancelotti
50%
2019 (c) Duncan Ferguson
50%
2022-Present (c) Duncan Ferguson
50%
2018-2019 Marco Silva
50%
2021-2022 Rafael Benitez
33%
2013-2016 Roberto Martinez
33%
2016-2017 Ronald Koeman
33%
2017-2018 Sam Allardyce
33%
2016 (c) David Unsworth
17%
2017 (c) David Unsworth
17%
1977-1981 Gordon Lee
17%
1998-2002 Walter Smith
17%
1973-1977 Billy Bingham
0%
1948-1956 Cliff Britton
0%
1987-1990 Colin Harvey
0%
1997 (c) Dave Watson
0%
1889-1901 Dick Molyneux
0%
1961-1973 Harry Catterick
0%
1981-1987 Howard Kendall
0%
1990-1993 Howard Kendall
0%
1997-1998 Howard Kendall
0%
1956-1958 Ian Buchan
0%
1990 (c) Jimmy Gabriel
0%
1993-1994 (c) Jimmy Gabriel
0%
1994-1997 Joe Royle
0%
1958-1961 Johnny Carey
0%
1994 Mike Walker
0%
1977 (c) Steve Burtenshaw
0%
1939-1948 Theo Kelly
0%
1919-1935 Thomas H. McIntosh
0%
1973 (c) Tom Eggleston
0%
1901-1918 Will Cuff
0%
1888-1889 William Edward Barclay
0%
No matching quizzes found
Score Distribution
Percent of People with Each Score
Percentile by Number Answered
Your Score History
You have not taken this quiz since the last reset